Zahlungsverkehr und Mittelstandsidee;

Saved in:
நூற்பட்டியல் விவரங்கள்
தலைமை எழுத்தாளர்: Wysocki, Josef.
வடிவம்: புத்தகம்
மொழி:German
வெளியீடப்பட்டது: Berlin, Duncker & Humblot [1969]
தொகுதி:Untersuchungen über das Spar-, Giro- und Kreditwesen ; Bd. 41.
பகுதிகள்:
குறியீடுகள்: குறிச்சொல் இணை
குறியீடுகள் இல்லை, இந்த குறிச்சொல்லை முதலில் பதிவு செய்யுங்கள்!
LEADER 00816nam a2200241I 4500
001 006957812-5
005 20020606163548.3
008 800509s1969 gw a b 000 0 ger
010 |a  78401122  
035 0 |a ocm06301980 
040 |a DLC  |c BUF  |d HLS 
050 0 |a HG1939.G2  |b W93 
082 |a 332.2/0943 
100 1 |a Wysocki, Josef. 
245 1 0 |a Zahlungsverkehr und Mittelstandsidee;  |c zum Wirken von Johann Christian Eberle nach dem Ersten Weltkrieg. 
260 |a Berlin,  |b Duncker & Humblot  |c [1969] 
300 |a 120 p.  |b illus.  |c 24 cm. 
490 1 |a Untersuchungen über das Spar-, Giro- und Kreditwesen ;  |v Bd. 41 
504 |a Bibliography: p. [117]-120. 
650 0 |a Savings banks  |z Germany (West) 
830 0 |a Untersuchungen über das Spar-, Giro- und Kreditwesen ;  |v Bd. 41. 
988 |a 20020608 
906 |0 DLC